Writing : the hobby that pays
| Main Author: | |
|---|---|
| Format: | Book |
| Published: |
Singapore :
EPB Publishers ,
1993
|
| Subjects: |
MARC
| LEADER | 00000cam a2200000 7i4500 | ||
|---|---|---|---|
| 001 | 0000005180 | ||
| 002 | 000005594 | ||
| 005 | 20000330.0 | ||
| 020 | |a 9971003317 | ||
| 090 | 0 | 0 | |a 080.02 |b WEL |
| 100 | 1 | |a Wells, Gordon | |
| 245 | 1 | 0 | |a Writing : |b the hobby that pays |c Gordon Wells |
| 260 | |a Singapore : |b EPB Publishers , |c 1993 | ||
| 300 | |a 172p. ; |c 22cm. | ||
| 650 | 0 | 0 | |a Writing |
| 999 | |a 031197 |b BUKU |c PINJAMAN |e PERPUSTAKAAN KOMUNITI PETALING JAYA | ||
| 999 | |a 031198 |b BUKU |c PINJAMAN |e PERPUSTAKAAN KOMUNITI PETALING JAYA | ||